Estadísticas para Respuestas más adividadas en JetPunk #2

Haz click aquí para intentar la prueba.

Estadísticas generales

  • Esta prueba ha sido intentada 1.053 veces
  • La puntuación promedio es 11 de 20

Estadísticas de respuestas

Prueba%Respuesta% Correcto
Desiertos más grandes del mundo99Sahara
98%
Campeones de Tenis de Hombres99Rafael Nadal
85%
Ingredientes de un Pastel/Bizcocho Básico96Harina
84%
Idiomas Más Similares al Español99Italiano
84%
Aceites Culinarias99Aceite de Oliva
83%
Reyes de España98Felipe
79%
Libros de Harry Potter97Harry Potter y la piedra filosofal
67%
Países que tocan el Mar Caspio96Rusia
64%
Ciudades con las Economías más Grandes96Nueva York
63%
Verbos Más Usados en Español83Ser
61%
Capitales Europeas Costeras
91Atenas
50%
Elementos más comunes en el cuerpo humano95Oxígeno
50%
Miembros de la Liga Árabe97Arabia Saudita
49%
Países con 'Land'88Islandia
45%
Provincias y Territorios de Canadá90Quebec
42%
Premios Nobeles95Paz
37%
Las 10 Plagas de Egipto76Langostas
27%
Regiones de Francia83Bretaña
21%
Islas de las Filipinas91Luzón
21%
Estaciones del Metro de Barcelona en un Mapa86Catalunya
11%

Distribución de puntuación

Porcentaje por número respondido

Porcentaje de gente con cada puntuación

Historial de tus puntuaciones

No has intentado esta prueba.